00382nam a2200145Ia 4500003000400000008004100004040001600045082001600061100001800077245005500095260004200150300001200192650001000204650002200214GCL140319s9999 xx 000 0 eng d aGCL / cGCL04a620.11bS S1 aSAWAOKA, A.B.10aSHOCK WAVES IN MATERIALS SCIENCE / cSAWAOKA, A.B. a[S.N] : bSPRINGER - VERLAG ، c1993 a227 P?P04aWAVES04aMOTERIALS SCIENCE